Caos químico / (Record no. 471)

MARC details
000 -LÍDER
campo de controle de tamanho fixo 01351nam a22003257a 4500
001 - NÚMERO DE CONTROLE
campo de controle 471
003 - IDENTIFICADOR DO NÚMERO DE CONTROLE
campo de controle OSt
005 - DATA E HORÁRIO DA ÚLTIMA TRANSAÇÃO
campo de controle 20250902095518.0
008 - CAMPO DE DADOS FIXOS--INFORMAÇÃO GERAL
campo de controle de tamanho fixo 250902b |||||||g |||| 00| 1 eng d
020 ## - ISBN - INTERNATIONAL STANDARD BOOK NUMBER
ISBN - International Standard Book Number 9788506065785
040 ## - FONTE DA CATALOGAÇÃO
Idioma da catalogação por
041 1# - CÓDIGO DE IDIOMA
Código do idioma do texto/trilha sonora ou título diferente por
Código do idioma do original e/ou traduções intermediárias do texto eng
082 04 - CDD - CLASSIFICAÇÃO DECIMAL DE DEWEY
Número de Classificação 028.5
Número do exemplar A757c
100 1# - ENTRADA PRINCIPAL--NOME PESSOAL
Nome pessoal Arnold, Nick.
9 (RLIN) 1012
240 00 - TÍTULO UNIFORME
Título uniforme Chemical chaos.
245 10 - TÍTULO
Título Caos químico /
Indicação de responsabilidade, etc. Nick Arnold ; ilustrado por Tony De Saulles ; [tradução de Antonio Carlos Vilela].
250 ## - EDIÇÃO
Declaração de edição 2. ed. -
260 ## - PUBLICAÇÃO, DISTRIBUIÇÃO, ETC.
Local de publicação, distribuição, etc. São Paulo :
Nome do editor, distribuidor, etc. Melhoramentos,
Data da publicação, distribuição, etc. 2011
300 ## - DESCRIÇÃO FÍSICA
Extensão 158p. :
Outros detalhes físicos il. ;
520 ## - NOTA DE RESUMO, ETC.
Resumo, etc. O lado fascinante ( e nojento ) da ciência! Caos Químico pode explodir seu cérebro! Você está ardendo de curiosidade para saber: Por quê os vidros são na verdade, líquidos? O que produziria o maio mau cheiro do mundo? Como fazer sua própria pasta de dente? Se você acha que tem estômago para agüentar o lado nojento da ciência, veja o caos químico sendo colocado à prova. A ciência nunca foi tão horrível.<br/><br/>
650 #0 - ASSUNTO--TERMO TÓPICO
Cabeçalho tópico ou nome geográfico Literatura Inglesa
9 (RLIN) 89
650 #0 - ASSUNTO--TERMO TÓPICO
Cabeçalho tópico ou nome geográfico Infantojuvenil
9 (RLIN) 200
650 #0 - ASSUNTO--TERMO TÓPICO
Cabeçalho tópico ou nome geográfico Quimica
9 (RLIN) 1017
655 #0 - TERMO DE ÍNDICE--GÊNERO E FORMA
Gênero/forma/ou termo foco Romance
655 #0 - TERMO DE ÍNDICE--GÊNERO E FORMA
Gênero/forma/ou termo foco Ficção
700 1# - ENTRADA ADICIONADA - NOME PESSOAL
Nome pessoal De Saulles, Tony.
Função do autor por extenso ILUSTRADOR
9 (RLIN) 1014
700 ## - ENTRADA ADICIONADA - NOME PESSOAL
Nome pessoal Vilela, Antônio Carlos.
Função do autor por extenso Tradutor
Datas associadas ao nome 1966-
9 (RLIN) 1015
830 ## - ENTRADA SECUNDÁRIA DE SÉRIE--TÍTULO UNIFORME
Título uniforme Saber horrível
9 (RLIN) 1013
942 ## - ELEMENTOS DE ENTRADA ADICIONADOS (KOHA)
Fonte de classificação ou esquema de arquivamento Classificação decimal de Dewey
Ocultar no OPAC Não
Tipo de material Koha Livros
Holdings
Situação do descarte Situação das perdas Fonte de classificação ou esquema de arquivamento Status danificado Não pode ser emprestado Coleção Biblioteca de origem Biblioteca atual Localização na estante Data de aquisição Fonte de aquisição Total de empréstimos Número de chamada completo Código de barras Data de último acesso Data do preço efetivo Tipo de material Koha
    Classificação decimal de Dewey     Ficção Biblioteca Professor Eduardo Afonso de Castro Biblioteca Professor Eduardo Afonso de Castro Infanto Juvenil 02.09.2025 doação   028.5 / A757c 2025-17401 02.09.2025 02.09.2025 Livros

Powered by Koha